[Event "Wch U18 Girls"]
[Site "Durban"]
[Date "2014.09.27"]
[Round "9"]
[White "Osmanodja, Filiz"]
[Black "Hoare, Amy B"]
[Result "1-0"]
[WhiteElo "2310"]
[BlackElo "1981"]
[PlyCount "157"]
[EventDate "2014.09.20"]
[EventType "swiss"]
[EventRounds "11"]
[EventCountry "RSA"]
[SourceTitle "CBM 162 Extra"]
[Source "ChessBase"]
[SourceDate "2014.10.17"]
[SourceVersion "1"]
[SourceVersionDate "2014.10.17"]
[SourceQuality "1"]

1. e4 e5 2. Nf3 Nc6 3. Bb5 Nf6 4. d3 Bc5 5. c3 0-0 6. 0-0 Re8 7. Re1 a6 8. Ba4 b5 9. Bb3 h6 10. Nbd2 d6 11. Nf1 Bb6 12. Ng3 Ne7 13. a4 Rb8 14. d4 Ng6 15. Qd3 Bd7 16. Be3 Ng4 17. Bd2 c5 18. axb5 axb5 19. dxc5 Bxc5 20. Re2 Qb6 21. Rf1 b4 22. c4 Nf6 23. h3 Ra8 24. Ree1 Nf4 25. Bxf4 exf4 26. Nh1 Bc6 27. Nd2 Bd4 28. Qb1 Ra5 29. Bc2 Be5 30. Nf3 b3 31. Bd3 Ra2 32. Re2 Rea8 33. Qc1 Qa5 34. c5 Ra1 35. Qc4 Rxf1+ 36. Kxf1 Qa1+ 37. Re1 Qxb2 38. cxd6 Bd7 39. Nxe5 Qxe5 40. Qxb3 Qxd6 41. Bc4 Qe7 42. e5 Ne8 43. Qb7 Ra4 44. e6 fxe6 45. Bxe6+ Qxe6 46. Rxe6 Bxe6 47. Kg1 Nf6 48. Qb8+ Kh7 49. Qb1+ Kg8 50. Qb8+ Kh7 51. Qe5 Re4 52. Qd6 Bd5 53. Kh2 Ra4 54. f3 Bf7 55. Qc6 Rc4 56. Qb5 Rd4 57. Qe5 Rc4 58. Qb5 Rd4 59. Qe5 Rc4 60. Nf2 Bg6 61. Nd1 Rc1 62. Nc3 Rc2 63. Ne2 Nh5 64. Nd4 Rc8 65. Ne6 Re8 66. Qd6 Bf7 67. Nxf4 Nxf4 68. Qxf4 Bg6 69. g4 h5 70. Kg3 Re1 71. Kh4 hxg4 72. hxg4 Rh1+ 73. Kg5 Rh6 74. Qc7 Bd3 75. f4 Rg6+ 76. Kh4 Be2 77. Qc2 Bxg4 78. f5 Bxf5 79. Qxf5 1-0

[Event "Wch U18 Girls"]
[Site "Durban"]
[Date "2014.09.23"]
[Round "6"]
[White "Dragieva, Denitza"]
[Black "Hoare, Amy B"]
[Result "1/2-1/2"]
[WhiteElo "2066"]
[BlackElo "1981"]
[PlyCount "99"]
[EventDate "2014.09.20"]
[EventType "swiss"]
[EventRounds "11"]
[EventCountry "RSA"]
[SourceTitle "CBM 162 Extra"]
[Source "ChessBase"]
[SourceDate "2014.10.17"]
[SourceVersion "1"]
[SourceVersionDate "2014.10.17"]
[SourceQuality "1"]

1. d4 d5 2. Nf3 Nf6 3. Bf4 e6 4. e3 Be7 5. Bd3 0-0 6. h3 Nbd7 7. 0-0 c5 8. c3 b6 9. Nbd2 Bb7 10. Qb1 h6 11. b4 cxd4 12. cxd4 a5 13. bxa5 Rxa5 14. a4 Qa8 15. Bb5 Rc8 16. Rc1 Bc6 17. Nb3 Ra7 18. Qc2 Bb7 19. Qd3 Bc6 20. a5 bxa5 21. Rxa5 Bxb5 22. Rxc8+ Qxc8 23. Qxb5 Rb7 24. Qa6 Nb8 25. Qd3 Nc6 26. Rb5 Nb4 27. Rxb7 Nxd3 28. Rb8 Qxb8 29. Bxb8 Ne4 30. Bg3 Nxg3 31. fxg3 Bd6 32. g4 Bg3 33. Kf1 Kf8 34. Ke2 Nb2 35. Nc5 Nc4 36. g5 hxg5 37. Nxg5 Ke7 38. e4 Bf4 39. Nf3 dxe4 40. Nxe4 Nd6 41. Kd3 Nxe4 42. Kxe4 Bg3 43. d5 f5+ 44. Kd4 Bf2+ 45. Kc4 exd5+ 46. Kxd5 Kf6 47. g4 fxg4 48. hxg4 Be3 49. Ke4 Bc1 50. Kd5 1/2-1/2

[Event "Wch U18 Girls"]
[Site "Durban"]
[Date "2014.09.23"]
[Round "5"]
[White "Hoare, Amy B"]
[Black "Xiao, Yiyi"]
[Result "1/2-1/2"]
[WhiteElo "1981"]
[BlackElo "2168"]
[PlyCount "139"]
[EventDate "2014.09.20"]
[EventType "swiss"]
[EventRounds "11"]
[EventCountry "RSA"]
[SourceTitle "CBM 162 Extra"]
[Source "ChessBase"]
[SourceDate "2014.10.17"]
[SourceVersion "1"]
[SourceVersionDate "2014.10.17"]
[SourceQuality "1"]

1. e4 c5 2. c3 d5 3. exd5 Qxd5 4. d4 Nf6 5. Nf3 Bg4 6. Be2 e6 7. h3 Bh5 8. 0-0 Nc6 9. Be3 cxd4 10. cxd4 Be7 11. Nc3 Qd6 12. a3 0-0 13. Qb3 a6 14. Rfd1 Rfd8 15. Rac1 b5 16. Qa2 Rac8 17. b4 h6 18. d5 exd5 19. Nxd5 Nxd5 20. Rc5 Bxf3 21. Bxf3 Ncxb4 22. axb4 Nxb4 23. Rxd6 Nxa2 24. Rxc8 Rxc8 25. Rxa6 Nc3 26. Bd4 b4 27. Rb6 Rc4 28. Be5 Ne4 29. Rb8+ Kh7 30. Rb7 f6 31. Rxe7 fxe5 32. Rxe5 Nd2 33. Be2 Rc1+ 34. Kh2 b3 35. Rb5 g5 36. Rb6 Kg7 37. g3 Rc3 38. Kg2 Rc2 39. Bd3 Ra2 40. Bf5 Ra5 41. Be6 Ra3 42. Bd5 h5 43. Be6 Kh7 44. Bf5+ Kg7 45. Be6 Kh7 46. Bf5+ Kg8 47. Be6+ Kg7 48. Bd5 g4 49. hxg4 hxg4 50. Be6 Ra4 51. Bxb3 Rd4 52. Bc2 Nc4 53. Rc6 Ne5 54. Re6 Nf3 55. Bf5 Kf7 56. Rh6 Ne5 57. Re6 Nf3 58. Re4 Rxe4 59. Bxe4 Ne5 60. Bf5 Kf6 61. Bc8 Kg5 62. Kf1 Nc4 63. Ke2 Ne5 64. Ke3 Nc4+ 65. Kd4 Nb2 66. Ke3 Nd1+ 67. Ke2 Nc3+ 68. Kd3 Nd1 69. Ke2 Nc3+ 70. Kd3 1/2-1/2

[Event "Wch U18 Girls"]
[Site "Durban"]
[Date "2014.09.22"]
[Round "4"]
[White "Wafa, Shrook"]
[Black "Hoare, Amy B"]
[Result "0-1"]
[WhiteElo "2141"]
[BlackElo "1981"]
[PlyCount "86"]
[EventDate "2014.09.20"]
[EventType "swiss"]
[EventRounds "11"]
[EventCountry "RSA"]
[SourceTitle "CBM 162 Extra"]
[Source "ChessBase"]
[SourceDate "2014.10.17"]
[SourceVersion "1"]
[SourceVersionDate "2014.10.17"]
[SourceQuality "1"]

1. e4 e5 2. Nf3 Nc6 3. Bb5 Nf6 4. 0-0 Nxe4 5. d4 Nd6 6. Bxc6 dxc6 7. dxe5 Nf5 8. Qxd8+ Kxd8 9. Rd1+ Ke8 10. Nc3 b6 11. Bf4 h6 12. Ne4 Be6 13. h3 Bd5 14. Nfd2 Nd4 15. Nc3 Nxc2 16. Rac1 Nd4 17. Nf1 Ne6 18. Bh2 Bc4 19. Ne3 Ba6 20. Ne4 Nc5 21. Ng3 Bb5 22. Nh5 Be2 23. g4 Bxd1 24. Rxd1 Rd8 25. Rc1 Kd7 26. b4 Nd3 27. Rd1 Kc8 28. a3 c5 29. b5 Nb2 30. Rb1 Na4 31. Rb3 Rd4 32. Kf1 c4 33. Rb1 c3 34. Nf4 Bc5 35. Ne2 Rd2 36. Nc4 Rd3 37. Kg2 Rhd8 38. Bf4 Rd1 39. Rb3 c2 40. Nb2 Rb1 41. Bc1 Nxb2 42. Rxb2 Rxb2 43. Bxb2 Rd3 0-1

[Event "GBR-ch 101st"]
[Site "Aberystwyth"]
[Date "2014.07.30"]
[Round "11"]
[White "Hoare, Amy B"]
[Black "Hill, Alistair"]
[Result "0-1"]
[WhiteElo "1950"]
[BlackElo "2126"]
[PlyCount "124"]
[EventDate "2014.07.19"]
[EventType "swiss"]
[EventRounds "11"]
[EventCountry "WLS"]
[SourceTitle "CBM 161 Extra"]
[Source "ChessBase"]
[SourceDate "2014.08.29"]
[SourceVersion "1"]
[SourceVersionDate "2014.08.29"]
[SourceQuality "1"]

1. e4 c6 2. Nf3 d5 3. Nc3 g6 4. d4 Bg4 5. exd5 cxd5 6. Be2 Nc6 7. 0-0 Bg7 8. Be3 Nf6 9. Ne5 Bxe2 10. Qxe2 0-0 11. Rad1 e6 12. Bf4 Nh5 13. Bc1 a6 14. Rfe1 Qc7 15. g4 Nf6 16. Bf4 Nxe5 17. Bxe5 Qc6 18. Rd3 Rac8 19. Rh3 Qc4 20. Qf3 Ne4 21. Bxg7 Kxg7 22. Qf4 Qxd4 23. Nxe4 dxe4 24. Rxe4 Qd1+ 25. Kg2 Qd5 26. Rd3 Qxa2 27. g5 Rc5 28. Qf6+ Kg8 29. Rh4 Rf5 30. Qd4 Rxg5+ 31. Kf1 Rd5 32. Qe3 Qxb2 33. Rxd5 exd5 34. c3 h5 35. Kg2 Rc8 36. Qg5 Qxc3 37. Rxh5 Qg7 38. Rh3 d4 39. Qd5 b5 40. Qb7 Rd8 41. Qxa6 Qe5 42. Qa5 Qd5+ 43. Kg1 Kg7 44. Qd2 Rh8 45. Rd3 Rh4 46. f3 Qe5 47. Qf2 Rxh2 48. Qxh2 Qe1+ 49. Kg2 Qe2+ 50. Kg1 Qxd3 51. Qe5+ Kh6 52. Qf4+ g5 53. Qf6+ Kh5 54. Qxf7+ Kh4 55. Qf6 Qe3+ 56. Kg2 Qd2+ 57. Kg1 Kg3 58. Qe5+ Kxf3 59. Qf5+ Kg3 60. Qe5+ Qf4 61. Qe1+ Kh3 62. Qb4 Qg3+ 0-1

[Event "GBR-ch 101st"]
[Site "Aberystwyth"]
[Date "2014.07.27"]
[Round "8"]
[White "Jarmany, John"]
[Black "Hoare, Amy B"]
[Result "1-0"]
[WhiteElo "2073"]
[BlackElo "1950"]
[PlyCount "161"]
[EventDate "2014.07.19"]
[EventType "swiss"]
[EventRounds "11"]
[EventCountry "WLS"]
[SourceTitle "CBM 161 Extra"]
[Source "ChessBase"]
[SourceDate "2014.08.29"]
[SourceVersion "1"]
[SourceVersionDate "2014.08.29"]
[SourceQuality "1"]

1. e4 e5 2. Nf3 Nc6 3. d4 exd4 4. Nxd4 Nf6 5. Nxc6 bxc6 6. e5 Qe7 7. Qe2 Nd5 8. c4 Nb6 9. Nc3 a5 10. f4 Ba6 11. b3 Qe6 12. Qe4 g6 13. Bd3 Bg7 14. Bb2 0-0 15. 0-0 Rfe8 16. Qf3 d5 17. cxd5 cxd5 18. Bxa6 Rxa6 19. Nb5 Qd7 20. a4 Nc8 21. Qd3 Ra8 22. Qc3 c6 23. Nd4 Ne7 24. Nf3 Nf5 25. Rac1 Rec8 26. Kh1 Nd6 27. Nd2 Nf5 28. Qd3 Qa7 29. Nf3 Qe3 30. Qxe3 Nxe3 31. Rfe1 Nf5 32. g4 Ne7 33. Ba3 Bf8 34. Bd6 Ra6 35. Nd4 Re8 36. e6 f6 37. f5 Nxf5 38. Nxf5 gxf5 39. Bxf8 Kxf8 40. gxf5 Ke7 41. Rg1 Kd6 42. Rg7 Ke5 43. Rf1 h6 44. Kg2 Rb6 45. Rf3 Reb8 46. Rd7 Rb4 47. Rc3 Rg4+ 48. Kf3 Rf4+ 49. Ke2 Re4+ 50. Kd2 Rd4+ 51. Kc2 Kxf5 52. Rxc6 Re8 53. e7 Kg6 54. Rcd6 Rh4 55. Rxd5 Rxh2+ 56. Kc3 Rh5 57. Rxh5 Kxh5 58. b4 axb4+ 59. Kxb4 f5 60. a5 f4 61. a6 f3 62. a7 f2 63. Rd1 Kg4 64. Kb5 Kf3 65. Kc6 Ke2 66. Ra1 f1Q 67. Rxf1 Kxf1 68. Kd7 Ra8 69. e8Q Rxa7+ 70. Kd6 Ra6+ 71. Kd5 Kf2 72. Qb5 Rg6 73. Qb3 Rg5+ 74. Ke4 Kg2 75. Kf4 Kh2 76. Qf3 Kg1 77. Qh3 Rg6 78. Qe3+ Kh2 79. Qe2+ Kg1 80. Qd1+ Kg2 81. Qc2+ 1-0

[Event "GBR-ch 101st"]
[Site "Aberystwyth"]
[Date "2014.07.23"]
[Round "5"]
[White "Shaw, Peter"]
[Black "Hoare, Amy B"]
[Result "1-0"]
[WhiteElo "2178"]
[BlackElo "1950"]
[PlyCount "121"]
[EventDate "2014.07.19"]
[EventType "swiss"]
[EventRounds "11"]
[EventCountry "WLS"]
[SourceTitle "CBM 161 Extra"]
[Source "ChessBase"]
[SourceDate "2014.08.29"]
[SourceVersion "1"]
[SourceVersionDate "2014.08.29"]
[SourceQuality "1"]

1. d4 d5 2. Bf4 Nf6 3. e3 e6 4. c4 Be7 5. Nc3 a6 6. Nf3 0-0 7. c5 Nh5 8. b4 Nd7 9. Bd3 f5 10. 0-0 Ndf6 11. Ne5 Bd7 12. f3 Be8 13. a4 Nd7 14. b5 Nxe5 15. Bxe5 Bf6 16. f4 Bxe5 17. fxe5 Qg5 18. Qf3 g6 19. Ne2 Qg4 20. Qxg4 fxg4 21. Rxf8+ Kxf8 22. bxa6 bxa6 23. Nc3 Ke7 24. Rb1 Bc6 25. Be2 g3 26. Bxh5 gxh2+ 27. Kxh2 gxh5 28. a5 Rf8 29. Kg1 Rg8 30. Ne2 h4 31. Kf2 Bb5 32. Nf4 Bc4 33. Rh1 Rg4 34. Rh3 Bb3 35. g3 hxg3+ 36. Rxg3 Rxg3 37. Kxg3 Bc2 38. Kh4 Be4 39. Kg5 Bc2 40. Kh6 Bf5 41. c6 Kf7 42. Ne2 Ke7 43. Nc3 Bc2 44. Na2 Bd3 45. Nb4 Bb5 46. Kxh7 Kf7 47. Kh6 Bc4 48. Kg5 Kg7 49. Kf4 Kf7 50. e4 dxe4 51. Kxe4 Ke7 52. Ke3 Kf7 53. Kd2 Ke7 54. Kc3 Bf1 55. d5 exd5 56. Nxd5+ Ke6 57. Kd4 Kf7 58. Nxc7 Ke7 59. Kc5 Kd8 60. Kd6 Kc8 61. e6 1-0

[Event "GBR-ch 101st"]
[Site "Aberystwyth"]
[Date "2014.07.22"]
[Round "4"]
[White "Hoare, Amy B"]
[Black "Mason, Donald"]
[Result "1/2-1/2"]
[WhiteElo "1950"]
[BlackElo "2167"]
[PlyCount "74"]
[EventDate "2014.07.19"]
[EventType "swiss"]
[EventRounds "11"]
[EventCountry "WLS"]
[SourceTitle "CBM 161 Extra"]
[Source "ChessBase"]
[SourceDate "2014.08.29"]
[SourceVersion "1"]
[SourceVersionDate "2014.08.29"]
[SourceQuality "1"]

1. e4 e6 2. d4 d5 3. Nc3 Bb4 4. exd5 exd5 5. Bd3 c6 6. Qf3 Nf6 7. Bg5 Nbd7 8. Nge2 0-0 9. 0-0 h6 10. Bf4 Re8 11. h3 Nf8 12. a3 Bd6 13. Bxd6 Qxd6 14. Ng3 N8h7 15. Rfe1 Bd7 16. Nh5 Nxh5 17. Qxh5 Qf6 18. Re3 Rxe3 19. fxe3 Qg5 20. Qxg5 Nxg5 21. e4 dxe4 22. Nxe4 Nxe4 23. Bxe4 Be6 24. Kf2 Rd8 25. Rd1 f5 26. Bf3 g5 27. Kg3 Kf7 28. Bh5+ Kf6 29. Bf3 Bf7 30. Be2 Re8 31. Bf3 f4+ 32. Kf2 Bd5 33. Rd3 Bxf3 34. Kxf3 Rd8 35. Ke4 Re8+ 36. Kf3 Rd8 37. Ke4 Re8+ 1/2-1/2

[Event "GBR-ch 101st"]
[Site "Aberystwyth"]
[Date "2014.07.19"]
[Round "1"]
[White "Hoare, Amy B"]
[Black "Batchelor, Peter"]
[Result "0-1"]
[WhiteElo "1950"]
[BlackElo "2177"]
[PlyCount "84"]
[EventDate "2014.07.19"]
[EventType "swiss"]
[EventRounds "11"]
[EventCountry "WLS"]
[SourceTitle "CBM 161 Extra"]
[Source "ChessBase"]
[SourceDate "2014.08.29"]
[SourceVersion "1"]
[SourceVersionDate "2014.08.29"]
[SourceQuality "1"]

1. e4 c6 2. c4 d5 3. cxd5 cxd5 4. exd5 Nf6 5. Nc3 Nxd5 6. d4 Nc6 7. Nf3 Bg4 8. Qb3 Bxf3 9. gxf3 e6 10. Qxb7 Nxd4 11. Bb5+ Nxb5 12. Qc6+ Ke7 13. Qxb5 Qd7 14. Nxd5+ Qxd5 15. Bg5+ f6 16. Qxd5 exd5 17. Be3 Ke6 18. 0-0-0 Bb4 19. Kb1 Rhc8 20. Rd3 Bc5 21. Re1 Bxe3 22. Rdxe3+ Kf5 23. Re7 g5 24. Rxh7 Rh8 25. Ree7 Kf4 26. Rxa7 Kxf3 27. b4 Kxf2 28. b5 f5 29. Rxh8 Rxa7 30. Rd8 f4 31. Rxd5 g4 32. b6 Rb7 33. Rd6 f3 34. Rg6 Ke3 35. Re6+ Kf4 36. a4 Kf5 37. Re1 Rxb6+ 38. Kc2 Rh6 39. Kd3 Rxh2 40. Ke3 Ra2 41. Rd1 Re2+ 42. Kd4 Re4+ 0-1

[Event "BCF-chT3S 1314 (4NCL)"]
[Site "England"]
[Date "2014.01.11"]
[Round "3.69"]
[White "Hoare, Amy B"]
[Black "Deighton, Simon"]
[Result "0-1"]
[WhiteElo "1960"]
[BlackElo "1996"]
[PlyCount "160"]
[EventDate "2013.11.16"]
[EventType "team-swiss"]
[EventRounds "6"]
[EventCountry "ENG"]
[SourceTitle "EXT 2015"]
[Source "ChessBase"]
[SourceDate "2014.11.20"]
[SourceVersion "1"]
[SourceVersionDate "2014.11.20"]
[SourceQuality "1"]
[WhiteTeam "Sussex Smart Survivors"]
[BlackTeam "Leeds University Old Boys"]
[WhiteTeamCountry "ENG"]
[BlackTeamCountry "ENG"]

1. e4 c5 2. c3 d5 3. exd5 Qxd5 4. d4 Nc6 5. Nf3 Bg4 6. Be2 cxd4 7. cxd4 e6 8. Nc3 Qa5 9. h3 Bh5 10. d5 exd5 11. Nd4 Bxe2 12. Qxe2+ Be7 13. Nxc6 bxc6 14. 0-0 Rd8 15. Re1 Kf8 16. Bf4 Qb4 17. Bc7 Rd7 18. Be5 h5 19. Rad1 Rh6 20. Ne4 Re6 21. Ng3 Bf6 22. f4 g6 23. Qf2 Bxe5 24. Rxe5 Rxe5 25. fxe5 Qb6 26. Rd4 Re7 27. Qf4 Qc7 28. Kh2 Qxe5 29. Qf2 Nh6 30. Kg1 Kg7 31. Ra4 Qe1+ 32. Qxe1 Rxe1+ 33. Kf2 Re7 34. Ra6 Rc7 35. b4 h4 36. Ne2 Nf5 37. Nc3 Nd4 38. a3 Re7 39. a4 Rb7 40. b5 cxb5 41. axb5 Nxb5 42. Nxd5 Nc7 43. Nxc7 Rxc7 44. Kf3 f5 45. Kf4 Kh6 46. Ra4 Rf7 47. Ra6 Kh5 48. Ra5 g5+ 49. Kf3 Kg6 50. Ra6+ Kg7 51. Ke3 Re7+ 52. Kf3 Kf7 53. Kf2 Kf8 54. Kf3 Kg8 55. Rg6+ Rg7 56. Ra6 Kf8 57. Rf6+ Ke8 58. Ra6 Kd8 59. Rf6 f4 60. Rf5 Kc7 61. Ke4 Kb6 62. Kd4 a5 63. Kc4 Rc7+ 64. Kb3 Rc5 65. Rf8 Re5 66. Ka4 Re4+ 67. Kb3 Re2 68. Rf6+ Kc7 69. Rf5 Rxg2 70. Rxa5 Kd6 71. Kc4 Ke6 72. Kd4 f3 73. Ke3 Rg3 74. Kf2 Kf6 75. Rb5 Rxh3 76. Rc5 Rg3 77. Kf1 Rg2 78. Rc3 g4 79. Rc5 Ra2 80. Rc3 Kf5 0-1

[Event "Guernsey op"]
[Site "Guernsey"]
[Date "2013.10.25"]
[Round "6"]
[White "Minnican, Alan William"]
[Black "Hoare, Amy B"]
[Result "1-0"]
[WhiteElo "2135"]
[BlackElo "1930"]
[PlyCount "97"]
[EventDate "2013.10.20"]
[EventType "swiss"]
[EventRounds "7"]
[EventCountry "GCI"]
[SourceTitle "CBM 157 Extra"]
[Source "ChessBase"]
[SourceDate "2013.12.19"]
[SourceVersion "1"]
[SourceVersionDate "2013.12.19"]
[SourceQuality "1"]

1. Nf3 Nf6 2. c4 e6 3. g3 d5 4. b3 Be7 5. Bg2 0-0 6. Bb2 c5 7. e3 Nc6 8. 0-0 b6 9. Qe2 Bb7 10. Rd1 Rc8 11. cxd5 Nxd5 12. d4 cxd4 13. Nxd4 Nxd4 14. Bxd4 Bf6 15. Na3 Bxd4 16. Rxd4 Qe7 17. Nc4 b5 18. Na5 Nc3 19. Qd2 Bxg2 20. Kxg2 Qa3 21. Nb7 Nd5 22. e4 Qa6 23. exd5 Qxb7 24. Kg1 exd5 25. Rxd5 h6 26. Rd1 Rc7 27. Qd3 a6 28. b4 Qb6 29. Rd6 Rc6 30. Qd4 Rxd6 31. Qxd6 Qxd6 32. Rxd6 Ra8 33. Rb6 Kf8 34. Kg2 Ke7 35. h4 Kd7 36. Rb7+ Ke6 37. Kf3 Kf6 38. Kf4 g5+ 39. Kg4 Re8 40. Rb6+ Re6 41. Rxe6+ fxe6 42. hxg5+ hxg5 43. f4 gxf4 44. Kxf4 e5+ 45. Ke4 Ke6 46. g4 Kf6 47. Kd5 Kg5 48. Kxe5 Kxg4 49. Kd5 1-0

[Event "Guernsey op"]
[Site "Guernsey"]
[Date "2013.10.21"]
[Round "2"]
[White "Jackson, Oliver A"]
[Black "Hoare, Amy B"]
[Result "1-0"]
[WhiteElo "2157"]
[BlackElo "1930"]
[PlyCount "129"]
[EventDate "2013.10.20"]
[EventType "swiss"]
[EventRounds "7"]
[EventCountry "GCI"]
[SourceTitle "CBM 157 Extra"]
[Source "ChessBase"]
[SourceDate "2013.12.19"]
[SourceVersion "1"]
[SourceVersionDate "2013.12.19"]
[SourceQuality "1"]

1. e4 e5 2. Nc3 Nf6 3. f4 d5 4. fxe5 Nxe4 5. Qf3 Nxc3 6. dxc3 Qh4+ 7. g3 Qe4+ 8. Qxe4 dxe4 9. Bg2 Nc6 10. Bf4 Bf5 11. 0-0-0 Be7 12. h4 h6 13. Re1 0-0-0 14. Bxe4 Bxe4 15. Rxe4 g5 16. Bd2 f5 17. Re1 Rhg8 18. Nf3 g4 19. Nd4 Nxd4 20. cxd4 Rxd4 21. Bxh6 Rh8 22. Bd2 Ra4 23. a3 Rh5 24. Rhf1 Ra6 25. Rf4 Kd7 26. Rc4 Re6 27. Bf4 a6 28. a4 b5 29. Rd1+ Kc8 30. axb5 axb5 31. Rcd4 Kb7 32. c3 Kc6 33. Kc2 Kb7 34. Kb3 Rh8 35. Rh1 Rh5 36. Ra1 Rh8 37. Rd5 Kc6 38. c4 bxc4+ 39. Kxc4 Rb8 40. Ra6+ Rb6 41. Rxb6+ cxb6 42. h5 Kc7 43. h6 Bf8 44. Rd6 Bxd6 45. exd6+ Kc6 46. h7 Re8 47. Be5 Rxe5 48. h8Q Rc5+ 49. Kd4 Rd5+ 50. Ke3 Kxd6 51. b4 b5 52. Kf4 Ke6 53. Qg8+ Kd6 54. Qg6+ Kd7 55. Qf6 Kc7 56. Qe6 Rd4+ 57. Kxf5 Rc4 58. Qd5 Kb6 59. Qd6+ Kb7 60. Ke5 Ka7 61. Kd5 Kb7 62. Qd8 Rc7 63. Qe8 Kb6 64. Qe6+ Kb7 65. Qxg4 1-0